| 000 | 005430000a22001810004500 | ||
|---|---|---|---|
| 003 | MACL | ||
| 005 | 20160609165330.0 | ||
| 008 | 160609b xxu||||| |||| 00| 0 eng d | ||
| 040 |
_aMACL _cmacl |
||
| 041 | _aHindi | ||
| 082 | _a891.433 | ||
| 100 |
_aवर्मा, भगवतीचरण _944560 |
||
| 245 |
_aरेखा _cभगवतीचरण वर्मा |
||
| 260 |
_bराजकमल प्रकाशन _c1999 _aनई दिल्ली |
||
| 350 | _a195 | ||
| 650 |
_aNovel _963657 |
||
| 942 |
_cHIN _k891.433 _2ddc |
||
| 999 |
_c29889 _d29889 |
||